000 00750nam-a2200181-a-4500
001 YSU0059502
003 AM-YeHGA
005 20250618075522.0
008 991007s1956 xxu 000 0 rus u
040 _aAM-YeHGA
100 1 _aԹախտաջյան, Արմեն Լևոնի,
_d1910-2009
_93348
245 1 0 _aВысшие растения 1, От псилофитовых до хвойных /
_cА.Л. Тахтаджян ; АН СССР. Ботанический ин-т им. В.Л. Комарова
260 _aЛ.,
_aМосква :
_bАН СССР ,
_c1956.
300 _a488 с.
650 4 _aЧастная ботаника
710 2 _aБотанический институт им. В.Л. Комарова АН СССР
090 _c474945
999 _c471684
_d471684